Library architecture + design / (Record no. 21160)
[ view plain ]
| 000 -LEADER | |
|---|---|
| fixed length control field | 01347cam a22003615a 4500 |
| 001 - CONTROL NUMBER | |
| control field | 016802498 |
| 003 - CONTROL NUMBER IDENTIFIER | |
| control field | EG-ScBUE |
| 005 - DATE AND TIME OF LATEST TRANSACTION | |
| control field | 20221213112555.0 |
| 008 - FIXED-LENGTH DATA ELEMENTS--GENERAL INFORMATION | |
| fixed length control field | 140515s2015 sz a f 001 0 eng d |
| 020 ## - INTERNATIONAL STANDARD BOOK NUMBER | |
| International Standard Book Number | 9783037681749 (hardback) |
| 040 ## - CATALOGING SOURCE | |
| Original cataloging agency | StDuBDS |
| Language of cataloging | eng |
| Description conventions | rda |
| Transcribing agency | StDuBDS |
| Modifying agency | Uk |
| -- | EG-ScBUE |
| 041 1# - LANGUAGE CODE | |
| Language code of text/sound track or separate title | eng |
| Language code of original and/or intermediate translations of text | ger |
| 082 04 - DEWEY DECIMAL CLASSIFICATION NUMBER | |
| Classification number | 727.8 |
| Edition number | 22 |
| Item number | ROT |
| 100 1# - MAIN ENTRY--PERSONAL NAME | |
| Personal name | Roth, Manuela, |
| Dates associated with a name | 1980- |
| Relator term | author. |
| 9 (RLIN) | 39362 |
| 245 10 - TITLE STATEMENT | |
| Title | Library architecture + design / |
| Statement of responsibility, etc | Manuela Roth ; translation and text editing Cosima Talhouni, Geoffrey Steinherz. |
| 246 3# - VARYING FORM OF TITLE | |
| Title proper/short title | Library architecture plus design |
| 246 3# - VARYING FORM OF TITLE | |
| Title proper/short title | Library architecture and design |
| 250 ## - EDITION STATEMENT | |
| Edition statement | Updated and revised edition. |
| 264 #1 - PUBLICATION, DISTRIBUTION, ETC. (IMPRINT) | |
| Place of publication, distribution, etc | [Salenstein] : |
| Name of publisher, distributor, etc | Braun Publishing, |
| Date of publication, distribution, etc | 2015. |
| 300 ## - PHYSICAL DESCRIPTION | |
| Extent | 301 pages : |
| Other physical details | illustrations ; |
| Dimensions | 25 cm. |
| 490 0# - SERIES STATEMENT | |
| Series statement | Masterpieces |
| 500 ## - GENERAL NOTE | |
| General note | Previous edition : 2011. |
| 500 ## - GENERAL NOTE | |
| General note | Includes index. |
| 546 ## - LANGUAGE NOTE | |
| Language note | Text in English ; translated from the original German. |
| 650 #7 - SUBJECT ADDED ENTRY--TOPICAL TERM | |
| Topical term or geographic name as entry element | Library architecture. |
| Source of heading or term | BUEsh |
| 9 (RLIN) | 13492 |
| 650 #7 - SUBJECT ADDED ENTRY--TOPICAL TERM | |
| Topical term or geographic name as entry element | Library buildings |
| General subdivision | Design and construction. |
| Source of heading or term | BUEsh |
| 9 (RLIN) | 39363 |
| 650 #7 - SUBJECT ADDED ENTRY--TOPICAL TERM | |
| Topical term or geographic name as entry element | Architecture, Modern |
| Chronological subdivision | 21st centur. |
| Source of heading or term | BUEsh |
| 9 (RLIN) | 13003 |
| 653 ## - INDEX TERM--UNCONTROLLED | |
| Resource For college | Engineering, Architecture |
| Arrived date list | February2016 |
| 655 ## - INDEX TERM--GENRE/FORM | |
| Form subdivision | Reading book |
| 700 1# - ADDED ENTRY--PERSONAL NAME | |
| Personal name | Talhouni, Cosima, |
| Relator term | editor, |
| -- | translator. |
| 9 (RLIN) | 37511 |
| 700 1# - ADDED ENTRY--PERSONAL NAME | |
| Personal name | Steinherz, Geoffrey, |
| Relator term | editor, |
| -- | translator. |
| 942 ## - ADDED ENTRY ELEMENTS (KOHA) | |
| Source of classification or shelving scheme | Dewey Decimal Classification |
| Koha item type | Book - Borrowing |
| Withdrawn status | Lost status | Source of classification or shelving scheme | Damaged status | Not for loan | Collection code | Home library | Current library | Shelving location | Date acquired | Source of acquisition | Cost, normal purchase price | Serial Enumeration / chronology | Total Checkouts | Total Renewals | Full call number | Barcode | Date last seen | Date checked out | Cost, replacement price | Price effective from | Koha item type |
|---|---|---|---|---|---|---|---|---|---|---|---|---|---|---|---|---|---|---|---|---|---|
| Dewey Decimal Classification | Academic Bookshop | Central Library | Central Library | Second Floor | 16/02/2016 | Purchase | 390.00 | 4857 | 5 | 50 | 727.8 ROT | 000031561 | 15/07/2025 | 07/09/2019 | 487.50 | 16/02/2016 | Book - Borrowing |